Polscy łysi youtuberzy - dla kolegi Ignacego - Statystyki

Ogólne statystyki
  • Ten quiz został rozwiązany 3 780 razy
  • Średni wynik to 2 z 6
Statystyki odpowiedzi
Łysi Youtuberzy % Poprawnych
1 Tomasz 'Gimper' Działowy
100%
4 Tromba
22%
2 Friz
19%
3 Lord kruszwil
15%
5 Footroll
4%
6 G.f darwin
4%
Nie znaleziono quizów pasujących do podanych kryteriów
Rozkład punktacji
Procent ludzi z każdym wynikiem
Percentyl według liczby udzielonych odpowiedzi
Twoja historia wyników
Nie rozwiązałeś tego quizu